Toutes les communes de l'Occitanie de plus de 1000 habitants sur une carte - Statistiques

Statistiques générales
  • Ce quiz a été pris 132 fois
  • Le résultat moyen est 134 sur 983
Réponses sur la Carte
Les réponses sont colorées sur une échelle allant du rouge au vert en fonction du pourcentage des utilisateurs qui les ont devinées à leur premier essai. Vous pouvez retrouver ces pourcentages ci-dessous.
 
Statistiques - réponses
Département Commune Population % Correct
31 Toulouse 514 819
94%
34 Montpellier 310 240
91%
66 Perpignan 121 616
90%
30 Nîmes 151 839
84%
11 Carcassonne 46 080
83%
11 Narbonne 57 587
83%
81 Albi 51 290
82%
34 Béziers 81 545
82%
12 Rodez 23 981
79%
65 Tarbes 44 399
79%
82 Montauban 62 945
77%
34 Sète 45 337
76%
34 Castries 6 883
74%
48 Mende 12 464
74%
12 Millau 22 044
74%
32 Auch 22 428
73%
81 Castres 42 505
73%
09 Foix 9 934
72%
30 Alès 46 125
70%
46 Cahors 20 050
68%
31 Blagnac 27 604
65%
34 Agde 29 939
63%
65 Argelès-Gazost 2 761
63%
66 Argelès-sur-Mer 10 616
63%
31 Saint-Jean 11 261
63%
34 Saint-Jean-de-Fos 1 745
63%
34 Saint-Jean-de-Védas 13 328
63%
09 Saint-Jean-de-Verges 1 290
63%
09 Saint-Jean-du-Falga 2 851
63%
30 Saint-Jean-du-Gard 2 586
63%
30 Saint-Jean-du-Pin 1 508
63%
66 Saint-Jean-Lasseille 1 622
63%
66 Saint-Jean-Pla-de-Corts 2 311
63%
34 Castelnau-de-Guers 1 208
62%
81 Castelnau-de-Lévis 1 603
62%
81 Castelnau-de-Montmiral 1 062
62%
31 Castelnau-d'Estrétefonds 7 003
62%
34 Castelnau-le-Lez 26 058
62%
46 Castelnau-Montratier 1 840
62%
31 Muret 26 079
61%
81 Villefranche-d'Albigeois 1 224
60%
31 Villefranche-de-Lauragais 5 072
60%
12 Villefranche-de-Rouergue 11 271
60%
65 Lourdes 13 266
59%
82 Labastide-Saint-Pierre 3 745
57%
09 Pamiers 16 473
57%
34 Lunel 26 623
56%
30 Le Grau-du-Roi 8 588
54%
32 Castelnau d'Auzan Labarrère 1 187
53%
46 Figeac 9 793
52%
31 Saint-Gaudens 12 139
52%
12 Villeneuve 1 948
51%
66 Villeneuve-de-la-Raho 4 470
51%
31 Villeneuve-de-Rivière 1 725
51%
11 Villeneuve-la-Comptal 1 448
51%
66 Villeneuve-la-Rivière 1 360
51%
30 Villeneuve-lès-Avignon 13 148
51%
34 Villeneuve-lès-Béziers 4 500
51%
31 Villeneuve-lès-Bouloc 1 687
51%
34 Villeneuve-lès-Maguelone 10 872
51%
31 Villeneuve-Tolosane 11 044
51%
34 Frontignan 24 136
50%
09 La Tour-du-Crieu 3 230
50%
34 La Tour-sur-Orb 1 350
50%
11 Limoux 10 532
50%
31 Colomiers 40 882
49%
81 Saint-Paul-Cap-de-Joux 1 054
49%
66 Saint-Paul-de-Fenouillet 1 742
49%
09 Saint-Paul-de-Jarrat 1 352
49%
34 Saint-Paul-et-Valmalle 1 394
49%
30 Saint-Paul-les-Fonts 1 056
49%
31 Saint-Paul-sur-Save 1 816
49%
82 Lacourt-Saint-Pierre 1 255
48%
11 Castelnaudary 12 151
47%
65 Bagnères-de-Bigorre 7 114
46%
31 Bagnères-de-Luchon 2 076
46%
30 Uzès 8 519
46%
34 Lodève 7 251
45%
32 Condom 6 473
44%
34 La Grande-Motte 8 440
44%
31 Balma 17 772
43%
66 Prades 6 148
43%
34 Prades-le-Lez 6 184
43%
66 Sainte-Marie-la-Mer 4 952
43%
82 Castelsarrasin 14 343
41%
66 Céret 7 521
41%
66 Collioure 2 756
41%
66 Cerbère 1 209
39%
48 Florac Trois Rivières 2 100
39%
81 Mazamet 10 085
39%
09 Saint-Girons 6 008
38%
34 Palavas-les-Flots 6 133
37%
66 Saint-Cyprien 12 068
37%
31 Tournefeuille 30 168
37%
34 Canet 3 619
36%
11 Canet 1 873
36%
66 Canet-en-Roussillon 13 227
36%
30 Aigues-Mortes 8 699
35%
34 Clermont-l'Hérault 9 461
35%
81 Gaillac 16 162
35%
31 Gaillac-Toulza 1 342
35%
66 Font-Romeu-Odeillo-Via 1 762
34%
81 Carmaux 9 872
33%
81 Labastide-Saint-Georges 2 002
33%
34 Lattes 17 351
33%
11 Lézignan-Corbières 10 343
33%
82 Moissac 13 419
33%
66 Arles-sur-Tech 2 815
32%
30 Beaucaire 15 692
32%
31 La Salvetat-Saint-Gilles 8 511
32%
12 Saint-Affrique 7 941
32%
66 Banyuls-dels-Aspres 1 483
31%
66 Banyuls-sur-Mer 4 496
31%
12 Decazeville 5 020
31%
34 Lézignan-la-Cèbe 1 580
31%
32 Mirande 3 457
31%
34 Saint-Martin-de-Londres 2 696
31%
30 Saint-Martin-de-Valgalgues 4 840
31%
11 Saint-Martin-Lalande 1 107
31%
12 Agen-d'Aveyron 1 116
30%
09 Ax-les-Thermes 1 285
30%
30 Bagnols-sur-Cèze 18 112
30%
46 Gourdon 4 206
30%
81 Lavaur 10 965
30%
11 Leucate 4 562
30%
30 Le Vigan 3 863
30%
46 Le Vigan-en-Quercy 1 535
30%
12 Onet-le-Château 12 080
30%
30 Pont-Saint-Esprit 10 958
30%
30 Saint-Gilles 14 734
30%
11 Gruissan 5 032
29%
65 Lannemezan 5 811
29%
32 L'Isle-Jourdain 9 537
29%
31 Ramonville-Saint-Agne 15 158
29%
09 Tarascon-sur-Ariège 3 085
29%
34 Marseillan 8 414
28%
66 Rivesaltes 9 270
28%
30 Saint-Laurent-d'Aigouze 3 690
28%
66 Saint-Laurent-de-Cerdans 1 045
28%
66 Saint-Laurent-de-la-Salanque 9 898
28%
30 Saint-Laurent-des-Arbres 2 996
28%
34 Pézenas 7 797
27%
66 Saint-André 3 388
27%
11 Saint-André-de-Roquelongue 1 488
27%
34 Saint-André-de-Sangonis 6 427
27%
31 Labastide-Saint-Sernin 1 925
26%
66 Le Barcarès 6 109
26%
31 L'Union 12 638
26%
34 Mauguio 16 522
26%
48 Saint-Chély-d'Apcher 3 955
26%
31 Castanet-Tolosan 15 317
25%
31 Labastide-Beauvoir 1 254
25%
11 Labastide-d'Anjou 1 255
25%
82 Labastide-du-Temple 1 132
25%
46 Labastide-Marnhac 1 311
25%
81 Labastide-Rouairoux 1 420
25%
65 Vic-en-Bigorre 4 845
25%
32 Vic-Fezensac 3 577
25%
34 Vic-la-Gardiole 3 428
25%
31 Carbonne 5 563
24%
48 Marvejols 4 764
24%
31 Bourg-Saint-Bernard 1 125
23%
12 Luc-la-Primaube 6 046
23%
11 Luc-sur-Orbieu 1 173
23%
34 Mèze 12 669
23%
34 Plaissan 1 718
23%
11 Port-la-Nouvelle 5 852
23%
66 Port-Vendres 4 018
23%
11 Sigean 5 657
23%
30 Vauvert 11 671
23%
34 Vias 5 952
23%
31 Auterive 10 456
22%
31 Cugnaux 20 662
22%
81 Graulhet 13 129
22%
82 Saint-Étienne-de-Tulmont 4 051
22%
81 Saint-Sulpice-la-Pointe 9 719
22%
31 Saint-Sulpice-sur-Lèze 2 277
22%
82 Valence 5 289
22%
81 Valence-d'Albigeois 1 277
22%
32 Valence-sur-Baïse 1 147
22%
30 Jonquières-Saint-Vincent 3 875
21%
30 Mus 1 646
21%
32 Plaisance 1 430
21%
31 Plaisance-du-Touch 21 079
21%
31 Portet-sur-Garonne 9 782
21%
31 Revel 9 762
21%
82 Beaumont-de-Lomagne 3 824
20%
31 Beaumont-sur-Lèze 1 647
20%
82 Caussade 6 803
20%
30 Laval-Pradel 1 125
20%
31 Pin-Balma 1 081
20%
11 Quillan 2 978
20%
12 Saint-Côme-d'Olt 1 449
20%
31 Saint-Hilaire 1 807
20%
30 Saint-Hilaire-d'Ozilhan 1 106
20%
30 Saint-Julien-de-Peyrolas 1 531
20%
30 Saint-Julien-les-Rosiers 3 533
20%
31 Cazères 4 854
19%
66 Elne 9 511
19%
12 Espalion 4 605
19%
34 Juvignac 14 055
19%
12 Laguiole 1 207
19%
12 Laissac-Sévérac l'Église 2 141
19%
66 Latour-Bas-Elne 3 228
19%
66 Latour-de-France 1 043
19%
32 Lectoure 3 670
19%
09 Mirepoix 3 172
19%
31 Mirepoix-sur-Tarn 1 139
19%
31 Labège 4 392
18%
34 Pérols 9 615
18%
48 Peyre en Aubrac 2 296
18%
34 Bédarieux 5 804
17%
11 Bram 3 233
17%
30 Fons 1 735
17%
66 Ille-sur-Têt 5 556
17%
48 Langogne 2 836
17%
46 Puy-l'Évêque 1 860
17%
81 Rabastens 5 867
17%
65 Rabastens-de-Bigorre 1 483
17%
31 Saint-Alban 6 534
17%
48 Saint-Alban-sur-Limagnole 1 385
17%
81 Saint-Benoît-de-Carmaux 2 056
17%
66 Saint-Estève 11 630
17%
12 Saint-Georges-de-Luzençon 1 565
17%
34 Saint-Georges-d'Orques 5 676
17%
31 Saint-Jory 8 662
17%
34 Saint-Just 3 293
17%
12 Sévérac d'Aveyron 4 026
17%
34 Valras-Plage 4 432
17%
34 Vendargues 7 262
17%
34 Balaruc-les-Bains 7 139
16%
34 Balaruc-le-Vieux 2 737
16%
32 Fleurance 6 247
16%
31 Grenade 9 062
16%
30 Les Salles-du-Gardon 2 395
16%
31 Montréjeau 2 648
16%
82 Nègrepelisse 5 917
16%
34 Saint-Gély-du-Fesc 10 472
16%
11 Saint-Marcel-sur-Aude 2 014
16%
31 Saint-Orens-de-Gameville 14 646
16%
11 Trèbes 5 361
16%
66 Amélie-les-Bains-Palalda 3 529
15%
12 Baraqueville 3 173
15%
46 Capdenac 1 049
15%
12 Capdenac-Gare 4 440
15%
12 Conques-en-Rouergue 1 540
15%
31 Fronton 6 671
15%
46 Gramat 3 512
15%
09 Lavelanet 5 987
15%
66 Le Boulou 5 487
15%
34 Le Crès 9 226
15%
66 Pia 11 615
15%
31 Roques 5 436
15%
82 Saint-Antonin-Noble-Val 1 949
15%
12 Salles-Curan 1 043
15%
11 Salles-d'Aude 3 369
15%
12 Salles-la-Source 2 333
15%
66 Toulouges 7 450
15%
82 Verdun-sur-Garonne 4 961
15%
31 Aucamville 9 623
14%
82 Aucamville 1 562
14%
11 Conques-sur-Orbiel 2 523
14%
32 Eauze 4 108
14%
31 Fonsorbes 12 954
14%
34 Laroque 1 668
14%
66 Laroque-des-Albères 2 256
14%
09 Laroque-d'Olmes 2 454
14%
30 Les Angles 8 908
14%
31 Martres-Tolosane 2 387
14%
82 Montech 6 663
14%
34 Saint-Clément-de-Rivière 5 218
14%
34 Saint-Félix-de-Lodez 1 135
14%
31 Saint-Félix-Lauragais 1 252
14%
66 Saint-Nazaire 2 779
14%
30 Saint-Nazaire 1 312
14%
11 Saint-Nazaire-d'Aude 2 118
14%
66 Salses-le-Château 3 965
14%
30 Sommières 5 073
14%
30 Aigues-Vives 3 331
13%
34 Baillargues 7 829
13%
66 Cabestany 10 465
13%
34 Clapiers 6 006
13%
34 Gignac 6 651
13%
32 Gimont 3 146
13%
34 Grabels 9 092
13%
12 La Cavalerie 2 223
13%
09 Le Mas-d'Azil 1 237
13%
30 Marguerittes 8 346
13%
82 Mas-Grenier 1 282
13%
31 Montastruc-la-Conseillère 3 708
13%
66 Montesquieu-des-Albères 1 353
13%
31 Montesquieu-Lauragais 1 032
13%
31 Montesquieu-Volvestre 3 050
13%
31 Pibrac 8 977
13%
82 Saint-Nicolas-de-la-Grave 2 281
13%
09 Saverdun 4 808
13%
34 Sérignan 8 588
13%
66 Thuir 8 243
13%
30 Vergèze 5 788
13%
65 Aureilhan 8 031
12%
12 La Salvetat-Peyralès 1 004
12%
34 La Salvetat-sur-Agout 1 108
12%
48 Monts-de-Randon 1 209
12%
31 Noé 3 067
12%
82 Pompignan 1 866
12%
11 Roquefort-des-Corbières 1 051
12%
12 Saint-Christophe-Vallon 1 186
12%
34 Saint-Pons-de-Thomières 1 706
12%
46 Souillac 3 192
12%
31 Vieille-Toulouse 1 230
12%
31 Villemur-sur-Tarn 6 345
12%
12 Aubin 3 444
11%
34 Fabrègues 7 447
11%
31 Fenouillet 5 784
11%
11 Fleury 4 246
11%
34 Ganges 3 724
11%
34 Jacou 6 924
11%
48 La Canourgue 2 074
11%
31 Léguevin 9 945
11%
46 Montcuq-en-Quercy-Blanc 1 816
11%
34 Montferrier-sur-Lez 4 135
11%
32 Nogaro 2 238
11%
34 Poussan 6 797
11%
66 Ria-Sirach 1 264
11%
31 Rieumes 3 517
11%
46 Saint-Céré 3 429
11%
65 Saint-Pé-de-Bigorre 1 144
11%
32 Samatan 2 517
11%
65 Tournay 1 362
11%
34 Vendres 2 616
11%
30 Anduze 3 391
10%
31 Baziège 3 583
10%
65 Bordères-sur-l'Échez 5 399
10%
66 Bourg-Madame 1 182
10%
65 Capvern 1 298
10%
31 Caraman 2 513
10%
31 Castelginest 11 271
10%
82 Caylus 1 445
10%
34 Cazouls-lès-Béziers 5 261
10%
30 Codognan 2 529
10%
34 Cournonterral 7 359
10%
31 Escalquens 6 924
10%
82 Grisolles 4 214
10%
65 Ibos 2 813
10%
65 La Barthe-de-Neste 1 240
10%
31 Labarthe-Rivière 1 298
10%
31 Labarthe-sur-Lèze 6 585
10%
30 La Grand-Combe 4 783
10%
82 La Ville-Dieu-du-Temple 3 358
10%
31 Lherm 3 880
10%
31 Longages 3 392
10%
34 Lunel-Viel 4 507
10%
31 Mons 1 861
10%
30 Mons 1 813
10%
31 Montrabé 4 473
10%
11 Montréal 2 136
10%
32 Montréal 1 171
10%
34 Murviel-lès-Béziers 3 000
10%
34 Murviel-lès-Montpellier 2 075
10%
31 Nailloux 4 211
10%
12 Naucelle 2 012
10%
34 Pignan 8 431
10%
66 Prats-de-Mollo-la-Preste 1 099
10%
31 Quint-Fonsegrives 6 133
10%
12 Réquista 1 924
10%
09 Rieux-de-Pelleport 1 253
10%
11 Rieux-Minervois 1 957
10%
31 Rieux-Volvestre 2 639
10%
34 Saint-Aunès 4 530
10%
31 Sainte-Foy-d'Aigrefeuille 2 576
10%
31 Sainte-Foy-de-Peyrolières 2 088
10%
31 Saint-Geniès-Bellevue 2 495
10%
31 Saint-Lys 9 892
10%
30 Saint-Quentin-la-Poterie 3 173
10%
31 Saint-Sauveur 2 243
10%
66 Torreilles 3 753
10%
31 Vernet 3 381
10%
31 Avignonet-Lauragais 1 573
9%
31 Bérat 3 087
9%
34 Bessan 5 838
9%
31 Bouloc 4 618
9%
31 Boulogne-sur-Gesse 1 673
9%
12 Bozouls 3 001
9%
48 Chanac 1 404
9%
34 Cournonsec 3 616
9%
11 Coursan 5 737
9%
11 Cuxac-d'Aude 4 079
9%
30 Gallargues-le-Montueux 3 659
9%
34 Gigean 6 639
9%
65 Juillan 3 999
9%
46 Lacapelle-Marival 1 268
9%
81 Lacaune 2 464
9%
31 Lacroix-Falgarde 2 030
9%
82 Lafrançaise 2 865
9%
31 L'Isle-en-Dodon 1 614
9%
81 Lisle-sur-Tarn 4 939
9%
32 Lombez 2 233
9%
34 Marsillargues 6 988
9%
66 Millas 4 417
9%
34 Nissan-lez-Enserune 4 124
9%
12 Rignac 2 000
9%
31 Rouffiac-Tolosan 2 363
9%
30 Saint-Geniès-de-Comolas 2 014
9%
34 Saint-Geniès-de-Fontedit 1 722
9%
30 Saint-Geniès-de-Malgoirès 3 225
9%
34 Saint-Geniès-des-Mourgues 2 148
9%
31 Seysses 10 539
9%
30 Uchaud 4 879
9%
31 Verfeil 3 954
9%
30 Aimargues 5 705
8%
82 Albias 3 240
8%
34 Aniane 2 979
8%
31 Auzeville-Tolosane 4 665
8%
30 Bellegarde 8 035
8%
34 Bouzigues 1 601
8%
46 Bretenoux 1 468
8%
31 Bruguières 6 202
8%
30 Calvisson 6 486
8%
34 Capestang 3 514
8%
31 Castelmaurou 4 524
8%
30 Castillon-du-Gard 1 695
8%
66 Claira 4 922
8%
31 Cornebarrieu 8 978
8%
31 Eaunes 6 539
8%
82 Golfech 1 007
8%
31 Gourdan-Polignan 1 177
8%
31 Launaguet 9 173
8%
81 Lautrec 1 673
8%
82 Lauzerte 1 443
8%
12 Le Monastère 2 295
8%
09 Lézat-sur-Lèze 2 321
8%
34 Maraussan 4 789
8%
32 Marciac 1 213
8%
46 Martel 1 637
8%
65 Maubourguet 2 242
8%
31 Merville 6 760
8%
34 Mireval 3 301
8%
32 Pavie 2 566
8%
65 Pierrefitte-Nestalas 1 092
8%
31 Pins-Justaret 4 378
8%
66 Pollestres 5 548
8%
34 Portiragnes 3 530
8%
46 Prayssac 2 519
8%
32 Pujaudran 1 750
8%
32 Riscle 1 622
8%
34 Roujan 2 336
8%
34 Saint-Chinian 1 811
8%
30 Saint-Christol-lez-Alès 7 310
8%
12 Saint Geniez d'Olt et d'Aubrac 2 142
8%
66 Saint-Hippolyte 3 126
8%
30 Saint-Hippolyte-du-Fort 3 737
8%
81 Saint-Juéry 6 564
8%
31 Saint-Loup-Cammas 2 334
8%
34 Saint-Mathieu-de-Tréviers 4 979
8%
11 Sallèles-d'Aude 3 179
8%
12 Sébazac-Concourès 3 234
8%
65 Séméac 5 236
8%
66 Théza 2 126
8%
65 Trie-sur-Baïse 1 006
8%
31 Venerque 2 974
8%
30 Vers-Pont-du-Gard 1 786
8%
11 Villemoustaussou 4 401
8%
31 Villenouvelle 1 487
8%
31 Ayguesvives 2 812
7%
66 Bages 4 560
7%
46 Bagnac-sur-Célé 1 467
7%
66 Baixas 2 777
7%
65 Barbazan-Debat 3 478
7%
65 Bazet 1 858
7%
31 Beauzelle 8 713
7%
66 Bompas 7 832
7%
30 Bouillargues 6 070
7%
34 Boujan-sur-Libron 3 619
7%
31 Boussens 1 135
7%
31 Brax 3 037
7%
82 Bressols 4 036
7%
65 Campan 1 245
7%
66 Canohès 6 616
7%
82 Dieupentale 1 655
7%
12 Firmi 2 318
7%
34 Florensac 5 254
7%
31 Fontenilles 5 906
7%
31 Frouzins 9 805
7%
30 Garons 5 381
7%
31 Gragnague 2 553
7%
81 Lagrave 2 305
7%
46 Lalbenque 1 899
7%
65 Laloubère 1 846
7%
31 Lavernose-Lacasse 3 798
7%
31 Le Fauga 2 603
7%
66 Le Soler 7 942
7%
34 Lespignan 3 414
7%
12 Marcillac-Vallon 1 711
7%
32 Masseube 1 511
7%
32 Mauvezin 2 274
7%
09 Mazères 3 852
7%
82 Meauzac 1 504
7%
30 Milhaud 6 297
7%
34 Montaud 1 014
7%
34 Montbazin 2 877
7%
31 Montgiscard 2 587
7%
30 Montpezat 1 402
7%
82 Montpezat-de-Quercy 1 590
7%
34 Mudaison 3 009
7%
65 Odos 3 265
7%
12 Olemps 3 559
7%
65 Ossun 2 358
7%
31 Pechbonnieu 4 922
7%
11 Portel-des-Corbières 1 279
7%
46 Pradines 3 617
7%
81 Puylaurens 3 257
7%
34 Quarante 1 776
7%
30 Remoulins 2 278
7%
66 Saint-Génis-des-Fontaines 3 059
7%
31 Saint-Léon 1 265
7%
34 Saint-Thibéry 3 132
7%
66 Saleilles 5 698
7%
31 Salies-du-Salat 1 733
7%
30 Sauve 1 988
7%
31 Seilh 3 356
7%
81 Sorèze 2 965
7%
34 Valergues 2 238
7%
09 Varilhes 3 487
7%
31 Aigrefeuille 1 369
6%
32 Aubiet 1 134
6%
31 Aussonne 7 997
6%
30 Bagard 2 605
6%
32 Barcelonne-du-Gers 1 401
6%
31 Belberaud 1 597
6%
46 Biars-sur-Cère 1 957
6%
81 Blan 1 093
6%
31 Buzet-sur-Tarn 2 963
6%
31 Cadours 1 142
6%
30 Caissargues 4 079
6%
31 Calmont 2 494
6%
12 Calmont 2 192
6%
11 Capendu 1 453
6%
31 Cépet 2 389
6%
31 Cintegabelle 3 006
6%
34 Colombiers 2 814
6%
12 Druelle Balsac 3 187
6%
11 Fitou 1 158
6%
31 Flourens 2 084
6%
31 Fonbeauzard 3 204
6%
30 Fourques 2 680
6%
66 Fourques 1 347
6%
31 Gardouch 1 370
6%
31 Garidech 1 893
6%
65 Gerde 1 196
6%
31 Gratentour 4 906
6%
81 Labruguière 6 584
6%
34 Lansargues 3 233
6%
31 Larra 2 273
6%
34 Lavérune 3 302
6%
31 Le Fousseret 1 863
6%
31 Lespinasse 3 251
6%
34 Lignan-sur-Orb 3 227
6%
46 Luzech 1 750
6%
34 Maureilhan 2 495
6%
31 Mauzac 1 351
6%
30 Méjannes-lès-Alès 1 243
6%
32 Miélan 1 129
6%
82 Monclar-de-Quercy 2 055
6%
31 Mondonville 6 060
6%
34 Montady 3 990
6%
34 Montagnac 4 515
6%
82 Montaigu-de-Quercy 1 294
6%
34 Montarnaud 4 208
6%
82 Montbartier 1 789
6%
11 Montredon-des-Corbières 1 485
6%
81 Montredon-Labessonnié 2 076
6%
12 Nant 1 026
6%
65 Orleix 1 910
6%
31 Péchabou 2 449
6%
31 Pinsaguel 2 786
6%
30 Roquemaure 5 529
6%
31 Roquettes 4 280
6%
12 Sainte-Radegonde 1 793
6%
30 Saint-Privat-des-Vieux 5 703
6%
34 Saussan 2 069
6%
34 Sauvian 5 608
6%
34 Servian 5 517
6%
81 Soual 2 637
6%
65 Soues 2 988
6%
34 Vailhauquès 2 722
6%
12 Viviez 1 210
6%
65 Andrest 1 340
5%
30 Aramon 4 081
5%
31 Aurignac 1 229
5%
31 Auzielle 1 635
5%
30 Barjac 1 608
5%
30 Beauvoisin 6 066
5%
30 Bessèges 2 606
5%
31 Bessières 4 310
5%
81 Blaye-les-Mines 2 902
5%
34 Boisseron 2 185
5%
31 Bonrepos-sur-Aussonnelle 1 241
5%
34 Candillargues 2 091
5%
32 Cazaubon 1 665
5%
31 Drémil-Lafage 2 608
5%
66 Espira-de-l'Agly 3 524
5%
66 Estagel 2 160
5%
12 Flavin 2 392
5%
31 Gagnac-sur-Garonne 3 198
5%
65 Horgues 1 287
5%
31 Labastidette 2 930
5%
34 La Boissière 1 072
5%
31 Lagardelle-sur-Lèze 3 303
5%
31 La Magdelaine-sur-Tarn 1 254
5%
11 La Palme 1 995
5%
31 Lapeyrouse-Fossat 3 043
5%
81 Lescure-d'Albigeois 4 590
5%
34 Loupian 2 169
5%
81 Marssac-sur-Tarn 3 518
5%
66 Maureillas-las-Illas 3 006
5%
82 Molières 1 273
5%
30 Molières-sur-Cèze 1 176
5%
82 Montbeton 4 400
5%
34 Montblanc 2 932
5%
31 Montlaur 1 791
5%
66 Osséja 1 390
5%
65 Oursbelille 1 222
5%
31 Paulhac 1 256
5%
30 Poulx 4 348
5%
65 Pouzac 1 099
5%
81 Réalmont 3 561
5%
12 Rivière-sur-Tarn 1 069
5%
30 Rousson 4 456
5%
30 Saint-Ambroix 3 445
5%
34 Saint-Bauzille-de-Montmel 1 246
5%
34 Saint-Bauzille-de-Putois 1 766
5%
34 Saint-Brès 3 623
5%
32 Saint-Clar 1 062
5%
31 Saint-Clar-de-Rivière 1 720
5%
30 Saint-Florent-sur-Auzonnet 1 218
5%
82 Saint-Nauphary 1 948
5%
81 Saïx 3 748
5%
34 Sussargues 2 840
5%
34 Teyran 4 787
5%
31 Thil 1 136
5%
66 Trouillas 2 324
5%
66 Villelongue-de-la-Salanque 3 335
5%
66 Villelongue-dels-Monts 1 976
5%
66 Villemolaque 1 278
5%
11 Vinassan 2 662
5%
66 Vinça 2 260
5%
11 Argeliers 2 124
4%
34 Argelliers 1 002
4%
11 Armissan 1 461
4%
81 Arthès 2 528
4%
31 Auriac-sur-Vendinelle 1 087
4%
81 Aussillon 5 527
4%
66 Baho 3 231
4%
34 Bassan 2 383
4%
34 Beaulieu 2 264
4%
31 Beaupuy 1 283
4%
09 Bélesta 1 091
4%
81 Briatexte 1 938
4%
66 Brouilla 1 572
4%
30 Cabrières 1 817
4%
81 Cambon 2 127
4%
34 Caux 2 718
4%
11 Caux-et-Sauzens 1 025
4%
30 Caveirac 4 408
4%
34 Cers 2 503
4%
34 Cessenon-sur-Orb 2 410
4%
34 Combaillaux 2 001
4%
66 Corneilla-del-Vercol 2 696
4%
66 Corneilla-la-Rivière 2 004
4%
81 Coufouleux 3 057
4%
31 Daux 2 643
4%
31 Deyme 1 468
4%
11 Espéraza 1 774
4%
30 Générac 4 046
4%
34 Hérépian 1 594
4%
34 Lamalou-les-Bains 2 389
4%
31 Lanta 2 283
4%
31 Launac 1 335
4%
11 Laure-Minervois 1 061
4%
30 Le Cailar 2 578
4%
09 Le Fossat 1 071
4%
32 Le Houga 1 202
4%
81 Le Sequestre 2 025
4%
34 Les Matelles 2 068
4%
31 Lévignac 2 206
4%
34 Lieuran-lès-Béziers 1 486
4%
66 Llupia 2 199
4%
30 Manduel 7 044
4%
31 Montberon 3 158
4%
34 Montpeyroux 1 449
4%
66 Néfiach 1 383
4%
82 Nohic 1 388
4%
34 Olonzac 1 693
4%
82 Orgueil 1 720
4%
11 Palaja 2 722
4%
66 Palau-del-Vidre 3 329
4%
81 Parisot 1 033
4%
34 Paulhan 4 039
4%
66 Peyrestortes 1 927
4%
34 Pomérols 2 299
4%
31 Pompertuzat 2 155
4%
66 Ponteilla 3 101
4%
34 Puisserguier 3 078
4%
81 Puygouzon 3 548
4%
30 Quissac 3 528
4%
34 Restinclières 2 612
4%
30 Ribaute-les-Tavernes 2 040
4%
81 Rivières 1 061
4%
30 Rochefort-du-Gard 8 117
4%
66 Saillagouse 1 155
4%
81 Saint-Amans-Soult 1 553
4%
66 Saint-Féliu-d'Amont 1 292
4%
66 Saint-Féliu-d'Avall 2 950
4%
31 Saint-Martory 1 027
4%
34 Saint-Pargoire 2 501
4%
30 Saint-Victor-la-Coste 2 233
4%
31 Saubens 2 364
4%
30 Sauveterre 2 025
4%
32 Ségoufielle 1 197
4%
32 Seissan 1 097
4%
82 Septfonds 2 261
4%
66 Sorède 3 512
4%
30 Tavel 2 083
4%
30 Vézénobres 1 865
4%
31 Vigoulet-Auzil 1 040
4%
34 Villetelle 1 768
4%
34 Villeveyrac 3 972
4%
30 Villevieille 1 889
4%
34 Abeilhan 1 850
3%
34 Adissan 1 371
3%
66 Alénya 3 782
3%
34 Alignan-du-Vent 1 796
3%
30 Allègre-les-Fumades 1 002
3%
11 Alzonne 1 586
3%
81 Ambres 1 033
3%
12 Argences en Aubrac 1 581
3%
30 Arpaillargues-et-Aureillac 1 039
3%
34 Aspiran 1 672
3%
34 Assas 1 405
3%
30 Aubais 2 925
3%
30 Aubord 2 253
3%
31 Aureville 1 048
3%
48 Banassac-Canilhac 1 064
3%
46 Bellefont-La Rauze 1 183
3%
12 Belmont-sur-Rance 1 001
3%
30 Bernis 3 286
3%
82 Bessens 1 470
3%
11 Bizanet 1 730
3%
11 Bize-Minervois 1 355
3%
30 Boisset-et-Gaujac 2 707
3%
48 Bourgs sur Colagne 2 091
3%
81 Bout-du-Pont-de-Larn 1 225
3%
30 Branoux-les-Taillades 1 278
3%
81 Brassac 1 289
3%
81 Brens 2 423
3%
81 Burlats 1 998
3%
81 Cadalen 1 547
3%
81 Cagnac-les-Mines 2 621
3%
81 Cahuzac-sur-Vère 1 239
3%
46 Cajarc 1 136
3%
12 Camarès 1 030
3%
82 Campsas 1 473
3%
32 Castéra-Verduzan 1 041
3%
11 Caunes-Minervois 1 554
3%
11 Cazilhac 1 664
3%
34 Cazilhac 1 605
3%
30 Cendras 1 599
3%
34 Ceyras 1 404
3%
11 Chalabre 1 084
3%
30 Clarensac 4 386
3%
34 Claret 1 745
3%
82 Corbarieu 1 725
3%
66 Corbère-les-Cabanes 1 213
3%
34 Corneilhan 1 622
3%
11 Couiza 1 132
3%
12 Cransac-les-Thermes 1 482
3%
12 Creissels 1 568
3%
31 Donneville 1 139
3%
81 Dourgne 1 313
3%
82 Dunes 1 226
3%
34 Entre-Vignes 2 200
3%
82 Escatalens 1 148
3%
34 Espondeilhan 1 268
3%
11 Fabrezan 1 306
3%
11 Ferrals-les-Corbières 1 275
3%
82 Finhan 1 471
3%
12 Flagnac 1 084
3%
34 Fontès 1 060
3%
81 Fréjairolles 1 351
3%
30 Gagnières 1 102
3%
81 Giroussens 1 571
3%
32 Gondrin 1 175
3%
31 Grépiac 1 017
3%
32 Jegun 1 176
3%
30 La Calmette 2 604
3%
81 Lacrouzette 1 540
3%
31 Lafitte-Vigordane 1 142
3%
81 Lagarrigue 1 784
3%
12 La Loubière 1 573
3%
82 Lamagistère 1 218
3%
31 Lamasquère 1 682
3%
30 Langlade 2 329
3%
30 Lasalle 1 202
3%
31 Lasserre-Pradère 1 574
3%
30 Laudun-l'Ardoise 6 835
3%
34 Laurens 1 815
3%
31 Lauzerville 1 582
3%
11 Lavalette 1 612
3%
82 Lavit 1 579
3%
12 Le Bas Ségala 1 608
3%
34 Le Bosc 1 435
3%
34 Le Bousquet-d'Orb 1 599
3%
30 Lédignan 1 516
3%
81 Le Garric 1 302
3%
46 Le Montat 1 107
3%
34 Le Pouget 2 122
3%
30 Les Mages 2 106
3%
30 Lézan 1 561
3%
82 L'Honor-de-Cos 1 610
3%
12 Livinhac-le-Haut 1 091
3%
81 Lombers 1 080
3%
09 Lorp-Sentaraille 1 381
3%
65 Louey 1 124
3%
34 Magalas 3 582
3%
82 Malause 1 253
3%
46 Mercuès 1 122
3%
09 Mercus-Garrabet 1 238
3%
30 Meynes 2 597
3%
82 Mirabel 1 045
3%
81 Mirandol-Bourgnounac 1 059
3%
31 Miremont 2 838
3%
81 Monestiés 1 381
3%
31 Montaigut-sur-Save 1 984
3%
81 Montans 1 558
3%
82 Monteils 1 379
3%
66 Montescot 1 586
3%
30 Montfrin 3 122
3%
09 Montgailhard 1 437
3%
31 Montjoire 1 243
3%
48 Mont Lozère et Goulet 1 098
3%
82 Montricoux 1 172
3%
11 Moussan 2 093
3%
30 Nages-et-Solorgues 2 212
3%
34 Nébian 1 634
3%
34 Neffiès 1 008
3%
34 Nézignan-l'Évêque 1 718
3%
66 Opoul-Périllos 1 239
3%
66 Ortaffa 1 980
3%
11 Ouveillan 2 713
3%
66 Passa 1 118
3%
34 Péret 1 137
3%
11 Pexiora 1 266
3%
11 Peyriac-de-Mer 1 187
3%
11 Peyriac-Minervois 1 123
3%
11 Pezens 1 611
3%
66 Pézilla-la-Rivière 4 129
3%
34 Pinet 2 049
3%
11 Pomas 1 017
3%
81 Pont-de-Larn 2 947
3%
12 Pont-de-Salars 1 623
3%
34 Pouzolles 1 233
3%
32 Preignan 1 202
3%
34 Puimisson 1 225
3%
34 Puissalicon 1 353
3%
82 Réalville 1 869
3%
30 Redessan 4 211
3%
66 Reynès 1 220
3%
12 Rieupeyroux 1 965
3%
30 Rodilhan 2 799
3%
81 Roquecourbe 2 172
3%
30 Saint-Alexandre 1 245
3%
30 Saint-Chaptes 2 055
3%
30 Saint-Dionisy 1 058
3%
34 Saint-Drézéry 3 006
3%
30 Sainte-Anastasie 1 738
3%
30 Saint-Gervasy 1 984
3%
81 Saint-Lieux-lès-Lavaur 1 269
3%
09 Saint-Lizier 1 391
3%
30 Saint-Paulet-de-Caisson 1 887
3%
30 Saint-Siffret 1 126
3%
30 Salindres 3 648
3%
81 Salvagnac 1 237
3%
34 Saturargues 1 022
3%
34 Saussines 1 001
3%
81 Sémalens 2 020
3%
46 Sousceyrac-en-Quercy 1 328
3%
30 Sumène 1 222
3%
81 Terre-de-Bancalié 1 725
3%
81 Terssac 1 195
3%
34 Thézan-lès-Béziers 3 124
3%
34 Tourbes 1 936
3%
66 Tresserre 1 166
3%
12 Vabres-l'Abbaye 1 205
3%
31 Vacquiers 1 492
3%
12 Valady 1 610
3%
30 Val-d'Aigoual 1 412
3%
34 Valros 1 685
3%
46 Vayrac 1 266
3%
66 Vernet-les-Bains 1 498
3%
09 Verniolle 2 397
3%
30 Vestric-et-Candiac 1 354
3%
81 Vielmur-sur-Agout 1 375
3%
31 Villate 1 233
3%
31 Villaudric 1 653
3%
82 Villebrumier 1 348
3%
31 Villematier 1 133
3%
11 Villepinte 1 243
3%
34 Viols-le-Fort 1 229
3%
81 Viviers-lès-Montagnes 2 008
3%
81 Aiguefonde 2 505
2%
11 Alairac 1 395
2%
46 Arcambal 1 004
2%
11 Arzens 1 174
2%
30 Avèze 1 053
2%
11 Belpech 1 343
2%
12 Bertholène 1 043
2%
30 Bezouce 2 348
2%
82 Bioule 1 201
2%
30 Blauzac 1 234
2%
11 Cavanac 1 021
2%
82 Cazes-Mondenard 1 238
2%
30 Collias 1 095
2%
30 Comps 1 688
2%
30 Congénies 1 617
2%
34 Creissan 1 436
2%
81 Cunac 1 626
2%
81 Damiatte 1 062
2%
82 Donzac 1 042
2%
30 Fournès 1 047
2%
11 Ginestas 1 611
2%
30 Goudargues 1 125
2%
30 Junas 1 343
2%
12 La Fouillade 1 128
2%
82 Lamothe-Capdeville 1 068
2%
31 Landorthe 1 030
2%
30 Lédenon 1 685
2%
82 Léojac 1 282
2%
12 Martiel 1 008
2%
30 Montaren-et-Saint-Médiers 1 397
2%
30 Montfaucon 1 540
2%
12 Montrozier 1 717
2%
30 Moussac 1 564
2%
11 Ornaisons 1 161
2%
30 Orsan 1 190
2%
12 Palmas d'Aveyron 1 026
2%
81 Payrin-Augmontel 2 198
2%
11 Pennautier 2 895
2%
11 Pépieux 1 118
2%
11 Puichéric 1 198
2%
30 Pujaut 3 982
2%
12 Rodelle 1 122
2%
30 Sabran 1 591
2%
30 Saint-Hilaire-de-Brethmas 4 670
2%
30 Saint-Mamert-du-Gard 1 604
2%
82 Saint-Sardos 1 120
2%
46 Salviac 1 231
2%
81 Senouillac 1 123
2%
30 Sernhac 1 819
2%
81 Técou 1 103
2%
30 Vallabrègues 1 375
2%
34 Vendémian 1 149
2%
30 Vénéjan 1 260
2%
11 Villasavary 1 220
2%
11 Villegly 1 247
2%
11 Azille 1 115
1%
46 Bétaille 1 058
1%
82 Castelmayran 1 186
1%
12 Clairvaux-d'Aveyron 1 158
1%
30 Connaux 1 705
1%
46 Cressensac-Sarrazac 1 165
1%
30 Gaujac 1 129
1%
11 La Redorte 1 238
1%
11 Marcorignan 1 333
1%
12 Montbazens 1 446
1%
48 Montrodat 1 174
1%
12 Moyrazès 1 095
1%
11 Névian 1 286
1%
82 Saint-Porquier 1 326
1%
30 Saze 2 096
1%
30 Théziers 1 087
1%
30 Tresques 1 829
1%
81 Verdalle 1 024
1%
11 Villegailhenc 1 718
1%
Aucun quiz correspondant
Distribution des résultats
% des personnes avec chaque résultat
Percentile par nombre de réponses
Votre historique - résultats
Vous n’avez pas pris ce quiz